| 000 | 00602nam a2200205Ia 4500 | ||
|---|---|---|---|
| 001 | 7273 | ||
| 003 | GE_BSU | ||
| 008 | 181216s||||||||xx |||||||||||||| ||und|| | ||
| 040 | _cGE_BSU | ||
| 080 | _a691.1(075.8) | ||
| 100 | _aВолков,М.И. | ||
| 245 | _aМетоды испитания строительных материалов. | ||
| 245 | _bУчебное пособие. | ||
| 260 | _aМ. | ||
| 260 | _bСтройиздат. | ||
| 260 | _c1974. | ||
| 300 | _a303стр.21см. | ||
| 653 | _aМетоды испитания строительных материалов. | ||
| 942 | _cBK | ||
| 999 |
_c40645 _d40645 |
||